Pavilions, pop-ups and parasols : (Registro nro. 62616)

Detalles MARC
000 -LEADER
campo de control de longitud fija 04051cam a22004457i 4500
003 - IDENTIFICADOR DE NÚMERO DE CONTROL
campo de control PE-LiUPU
005 - FECHA Y HORA DE LA ÚLTIMA TRANSACCIÓN
campo de control 20250731183448.0
008 - DATOS DE LONGITUD FIJA--INFORMACIÓN GENERAL
campo de control de longitud fija 180529s2015 enka b 000 0 eng
020 ## - NÚMERO INTERNACIONAL ESTÁNDAR DEL LIBRO
Número Internacional Estándar del Libro 9781118829011
Información calificativa (paperback)
040 ## - FUENTE DE CATALOGACIÓN
Centro catalogador/agencia de origen DLC
Lengua de catalogación eng
Normas de descripción rda
Centro/agencia transcriptor PE-LiUPU
Centro/agencia modificador PE-LiUPU
050 00 - SIGNATURA TOPOGRÁFICA DE LA BIBLIOTECA DEL CONGRESO
Número de clasificación MLCM 2024/40846 (N)
082 04 - NÚMERO DE LA CLASIFICACIÓN DECIMAL DEWEY
Número de clasificación 720.103
Número de edición 23
Cutter P338
245 00 - MENCIÓN DEL TÍTULO
Título Pavilions, pop-ups and parasols :
Resto del título the impact of real and virtual meeting on physical space /
Mención de responsabilidad, etc. Editor invitado Leon Van Schaik y Fleur Watson.
264 #1 - PRODUCCIÓN, PUBLICACIÓN, DISTRIBUCIÓN, FABRICACIÓN Y COPYRIGHT
Producción, publicación, distribución, fabricación y copyright Londres :
Nombre del de productor, editor, distribuidor, fabricante John Wiley & Sons,
Fecha de producción, publicación, distribución, fabricación o copyright 2015.
300 ## - DESCRIPCIÓN FÍSICA
Extensión 144 páginas :
Otras características físicas illustraciones ;
Dimensiones 29 centímetros.
336 ## - TIPO DE CONTENIDO
Término de tipo de contenido text
Código de tipo de contenido txt
Fuente rdacontent
337 ## - TIPO DE MEDIO
Nombre/término del tipo de medio unmediated
Código del tipo de medio n
Fuente rdamedia
338 ## - TIPO DE SOPORTE
Nombre/término del tipo de soporte volume
Código del tipo de soporte nc
Fuente rdacarrier
490 0# - MENCIÓN DE SERIE
Mención de serie (Architectural design ;
Designación de volumen o secuencia [volume 85, no. 3])
500 ## - NOTA GENERAL
Nota general Minimal Level Cataloging Plus.
Institución que aplica el campo DLC
500 ## - NOTA GENERAL
Nota general "May/June 2015."
500 ## - NOTA GENERAL
Nota general "03/2015"--Title page verso.
504 ## - NOTA DE BIBLIOGRAFÍA, ETC.
Nota de bibliografía, etc. Includes bibliographical references.
505 0# - NOTA DE CONTENIDO CON FORMATO
Nota de contenido con formato Introduction : Pavilions, pop-ups and parasols: are they platforms for change? / Leon van Schaik -- In the pursuit of pleasure: the not so fleeting life of the pavilion and its ilk / Robert Bevan -- Castles and pavilions: creating new hybrid places of exchange / Tom Holbrook -- A sketchbook for the city to come: the pop-up as R & D / Dan Hill -- 10 folly variations: the time-specific architecture of mass / Minsuk Cho -- 100 year city (Maribor): the virtual concourse reframed / Fleur Watson -- Not to be taken seriously: kiosks, roadside joys and other things that are beneath architectural contempt / Peter Cook -- Barcelona reset: circuit of ephemeral architecture / Benedetta Tagliabue -- Building community / Andrea Kahn -- Global village media: coming together in the early 1970s at Whiz Bang Quick City / Felicity D. Scott -- When a tree house no longer says "house," are we virtually there? / Akira Suzuki -- Agents for urban food education and security / C.J. Lim n-- Architecture of the occasion / Pia Ednie-Brown -- Indeterminacy and contingency: the Seroussi Pavilion and bloom / Alisa Andrasek -- Urban phenomenon: guerilla architecture in Taipei / Roan Ching-Yueh -- The affirmative qualities of a temporal architecture / Martyn Hook -- Lasting impressions: pop-up culture by HWKN / Matthias Hollwich -- Entrepreneur makers: digitally crafted, crowdfunded pavilions / Arthur Mamou-Mani and Toby Burgess -- Counterpoint: from subversive to the serious: temporary urbanism as a positive force / Peter Bishop.
520 ## - RESUMEN, ETC.
Sumario, etc. Around the world, a new architectural form is emerging. In public places a progressive architecture is being commissioned to promote open-ended, undetermined, lightly programmed or un-programmed interactions between people. This new phenomenon of architectural form - Pavilions, Pop-Ups and Parasols - is presaged by rapidly changing social relationships flowing from social media such as Facebook, Twitter and Instagram. The nexus between real and virtual meeting is effectively being reinvented by innovative and creative architectural practices. People meet in new and responsive ways, architects meet their clients in new forums, knowledge is 'met' and achieved in new and interactive frameworks. It contrasts bluntly with the commercially structured interactions of shopping malls and the increasingly deliberate interactions available in cultural institutions. These experiences imbue a new type of client; casually engaged, flocking, hacking, crowd funding and self-helping.
526 ## - NOTA DE INFORMACIÓN SOBRE EL PROGRAMA DE ESTUDIO
Nombre del programa Maestría Bim Facility Management (A distancia)
526 ## - NOTA DE INFORMACIÓN SOBRE EL PROGRAMA DE ESTUDIO
Nombre del programa
526 ## - NOTA DE INFORMACIÓN SOBRE EL PROGRAMA DE ESTUDIO
Nombre del programa Educación musical y artes
526 ## - NOTA DE INFORMACIÓN SOBRE EL PROGRAMA DE ESTUDIO
Nombre del programa Educación, especialidad educación física
526 ## - NOTA DE INFORMACIÓN SOBRE EL PROGRAMA DE ESTUDIO
Nombre del programa Arquitectura
650 14 - PUNTO DE ACCESO ADICIONAL DE MATERIA--TÉRMINO DE MATERIA
Término de materia o nombre geográfico como elemento de entrada Pabellones
9 (RLIN) 4377
650 14 - PUNTO DE ACCESO ADICIONAL DE MATERIA--TÉRMINO DE MATERIA
Término de materia o nombre geográfico como elemento de entrada Edificios temporales.
9 (RLIN) 4378
650 24 - PUNTO DE ACCESO ADICIONAL DE MATERIA--TÉRMINO DE MATERIA
Término de materia o nombre geográfico como elemento de entrada Sombrillas
9 (RLIN) 4379
650 24 - PUNTO DE ACCESO ADICIONAL DE MATERIA--TÉRMINO DE MATERIA
Término de materia o nombre geográfico como elemento de entrada Diseño arquitectónico
Subdivisión cronológica Siglo XXI
9 (RLIN) 4380
650 20 - PUNTO DE ACCESO ADICIONAL DE MATERIA--TÉRMINO DE MATERIA
Término de materia o nombre geográfico como elemento de entrada Arquitectura moderna
Subdivisión cronológica Siglo XXI
9 (RLIN) 4381
700 1# - ENTRADA AGREGADA--NOMBRE PERSONAL
Nombre de persona Van Schaik, Leon,
Término indicativo de función/relación editor.
700 1# - ENTRADA AGREGADA--NOMBRE PERSONAL
Nombre de persona Watson, Fleur,
Término indicativo de función/relación editor.
942 ## - ELEMENTOS DE ENTRADA SECUNDARIOS (KOHA)
Fuente del sistema de clasificación o colocación Clasificación Decimal Dewey
Tipo de ítem Koha Libros físicos
Suprimir en OPAC No
980 ## - EQUIVALENCIA O REFERENCIA-CRUZADA-MENCIÓN DE SERIE--NOMBRE DE PERSONA/TÍTULO [LOCAL, CANADÁ]
ID del usuario creador del registro 18226
Nombre del creador del registro Jaime Vilcazán Jefe de Análisis Documental
ID del último usuario que modificó el registro 1
Nombre del último usuario que modificó el registro ALBERTO SANCHEZ Responsable de Automatización
Existencias
Visto por última vez Total de préstamos Signatura topográfica completa Código de barras Copia número Coste, precio de reemplazo Fecha de reemplazo Tipo de ítem Koha Estado de pérdida Fuente del sistema de clasificación o colocación Restricciones de uso No para préstamo Colección Programa académico Biblioteca de origen Biblioteca actual Ubicación en estantería Fecha de adquisición Fuente de adquisición Coste, precio normal de compra
2025-12-03   720.103 P338 82257 e1 57.41 2024-09-10 Libros físicos No Perdido Clasificación Decimal Dewey No restringido Disponible para préstamos Colección General Arquitectura Biblioteca CRAI UPeU Lima Biblioteca CRAI UPeU Lima Sala principal 2024-09-10 Compra, Arcadia 52.41